Analýza personálnych nákladov bakalárska práca

Salvato in:
Dettagli Bibliografici
Autore principale: Kormaňáková, Zuzana
Ente Autore: Fakulta hospodárskej informatiky EU. Katedra účtovníctva a audítorstva
Altri autori: Kubaščíková, Zuzana, 1982-
Natura: Libro
Lingua:slovacco
Pubblicazione: Bratislava 2022
Tags: Aggiungi Tag
Nessun Tag, puoi essere il primo ad aggiungerne!!

MARC

LEADER 00000nbm a2200000 4500
001 0286112
005 20230123145747.0
041 0 |a slo 
044 |a SK 
245 1 0 |a Analýza personálnych nákladov  |b bakalárska práca  |c Zuzana Kormaňáková ; školiteľ: Zuzana Kubaščíková 
264 1 |a Bratislava  |c 2022 
300 |a 49 s. 
100 1 |a Kormaňáková, Zuzana 
700 1 |a Kubaščíková, Zuzana, 1982- 
710 2 |a Fakulta hospodárskej informatiky EU. Katedra účtovníctva a audítorstva